000 01033cam a22003017a 4500
001 16065354
003 OSt
005 20150408114025.0
008 100122s2010 enka b 001 0 eng
010 _a 2010275479
015 _aGBA997967
_2bnb
016 7 _a015386527
_2Uk
020 _a9780521747622 (pbk.)
020 _a0521747627 (pbk.)
035 _a(OCoLC)ocn422765113
040 _aUKM
_cUKM
_dBTCTA
_dBWKUK
_dBWX
_dDLC
042 _aukblcatcopy
_alccopycat
050 0 0 _aRC78.7.D53
_bI585 2010
082 0 4 _a616.0757
_222
245 0 0 _aIntroduction to the science of medical imaging /
_cedited by R. Nick Bryan.
260 _aCambridge :
_bCambridge University Press,
_cc2010.
300 _avii, 326 p. :
_bill. (some col.) ;
_c25 cm.
504 _aIncludes bibliographical references and index.
650 0 _aDiagnostic imaging.
700 1 _aBryan, R. Nick
_q(Robert Nick),
_d1944-
_913818
942 _2ddc
_cBOOK
999 _c22318
_d256818